| 000 | 00402nam a2200169Ia 4500 | ||
|---|---|---|---|
| 008 | 230524s9999 xx 000 0 und d | ||
| 020 | _a9780143031031 | ||
| 082 | _bNEH | ||
| 100 | _aJawaharlal Nehuru | ||
| 245 | 4 | _aThe Discovery of India | |
| 250 | _a1st | ||
| 260 |
_aNEWDELHI _bPenguin _c2010 |
||
| 300 | _a642 | ||
| 500 | _aQuantity Number: 2 | ||
| 650 |
_aMiscellaneous _91877 |
||
| 942 | _cBK | ||
| 999 |
_c49174 _d49174 |
||